Statistics for Vampire Diaries Characters

Click here to take the quiz!

General Stats

  • This quiz has been taken 678 times
  • The average score is 17 of 22

Answer Stats

HintAnswer% Correct
BlondieCaroline
100%
RipperStefan
99%
Everyones favourite WitchBonnie
95%
Originals HybridKlaus
93%
Always in a love triangleElena
90%
Favourite TeacherAlaric
89%
Always Acting OutDamon
89%
One and only Originals SisterRebekah
89%
Hunk of a WerewolfTyler
88%
Originals Brother with ClassElijah
87%
The AuntJenna
87%
HunterJeremy
87%
Stefans BestfriendLexi
86%
Running for CenturiesKatherine
84%
Bar WorkerMatt
82%
Original Female DopplegangerAmara
66%
Salvatore Brother Cell MateEnzo
65%
Favourite Female WerewolfHayley
64%
Female Druggo TeenVicki
58%
Town NewsreporterLogan
52%
Original Male DopplegangerSilus
12%
Original Anchor & WitchQetsiah
4%

Score Distribution

Percentile by Number Answered

Percent of People with Each Score

Your Score History

You have not taken this quiz